00936cam a2200265 a 450000100100000000500170001000800410002704000230006804100380009108200160012910000360014524500670018126000340024830000210028249000210030353400510032465000260037565000300040170000350043183000300046691000330049691000070052995201190053699900150065500000474720200929151509.0701210s1972 sp 000 1 spa  aDO-SdBNPcDLCdDLC17aspahfre2Código de idioma MARC a843.8bZ86t1 aZola, Émile,d1840-19029360513aLa taberna /cÉmile Zola ; traducción de Julio C. Acerete. aBarcelona :bBruguera,c1972. a556 p. ;c18 cm.1 aLibro amigov207 aTítulo original en francés :tL´Assommoir 4aNovela francesa91075 4aLiteratura francesa910741 aAcerete, Julio C.,etr.911980 0aLibro amigo ;v207913799 aCatalogación derivada / LC aWM 001054708MOaGRbGRcHDd2009-07-25iLF1l0o843.8 Z86tp4747-10r2020-06-25w2020-06-25y4ZPréstamo en sala c4553d4553